000 01275nam a2200337 a 4500
003 CHAP
005 20220817044403.0
008 001123d2000 mx 00010 spa d
010 _a99598
011 _a100570
020 _a9789701351635
035 _a111256
040 _cCHAP
090 _aCD-145
110 0 _aInstituto Nacional de Estadística y Geografía. México
245 1 0 _aProyecto hidrología subterránea serie I :
_h[Disco compacto]
_bMéxico
_c/por Instituto Nacional de Estadística y Geografía
246 3 _aIRIS : navegante geoestadístico de México
260 _aAguscalientes, Ags. :
_bINEGI,
_c2009
300 _a1 disco compacto ;
_c4 3/4 plg.
500 _a"Para la consulta de la información es indispensable contar con el Visualizador IRIS 4 (incluido en el disco compacto)"
590 _aBATCH-UPD
_b10
_c20130110
_lUCH01
_h1637
590 _aBATCH-UPD
_b10
_c20130410
_lUCH01
_h1028
590 _aBATCH-UPD
_b10
_c20130914
_lUCH01
_h0854
590 _aCONVERSION
_b10
_c20130109
_lUCH01
_h1355
650 0 4 _aAgua subterranea
_xMexico.
_92472
650 0 4 _aCartografía
_xMéxico.
_919653
650 0 4 _aHidrología
_xMapas
_zMéxico.
_955266
901 _aBK
942 _cCD
949 _aCD - 145
_bBC
_cCD
_d33724002219322
_eCD
_gI. c/e
_i111256
_sb
999 _c99598
_d99598